00568cam a22002174a 45000010009000000050017000090080041000260100017000670200028000840200022001120400018001340410008001520420008001600800014001680820022001821000007002041010008002112450057002192460010002765040064002861350136520180202083757.0040225s2005 nyua b 001 0 eng  a 2004041578 a0195167708 (alk. paper) a0195177266 (pbk.) aDLCcDLCdDLC aeng apcc a909.0494300a909.04943 FIN2221 a16 aHIS14aThe Turks in world history /cCarter Vaughn Findley.30aTurks aIncludes bibliographical references (p. 263-285) and index.